[Event "15th European Club Cup Women"]
[Site "Plovdiv BUL"]
[Date "2010.10.20"]
[Round "4"]
[White "Danielian, Elina"]
[Black "Bojkovic, Natasa"]
[Result "1/2-1/2"]
[WhiteTitle "IM"]
[BlackTitle "IM"]
[WhiteElo "2466"]
[BlackElo "2368"]
[Board "3.1"]
[WhiteTeam "MIKA Yerevan"]
[BlackTeam "BAS Beograd"]
[WhiteFideId "13300210"]
[BlackFideId "908550"]
[EventDate "2010.10.17"]
[EventType "team"]

1. d4 Nf6 2. Nf3 e6 3. c4 b6 4. Nc3 Bb7 5. a3 d5 6. cxd5 Nxd5 7. e3 Nxc3 8. bxc3
Be7 9. Bd3 O-O 10. O-O c5 11. e4 Qc7 12. Qe2 Nd7 13. e5 Rfd8 14. h4 h6 15. h5
Nf8 16. Be3 Qc6 17. Ne1 f5 18. f4 Rac8 19. Kh2 cxd4 20. cxd4 Qc3 21. Rd1 Be4 22.
g4 Qc6 23. Rg1 Bxd3 24. Qxd3 fxg4 25. Qe2 g3+ 26. Rxg3 Bh4 27. Rg2 Bxe1 28. Rxe1
Qe4 29. Qg4 Rc7 30. Bf2 Qh7 31. f5 Qxf5 32. Qxf5 exf5 33. e6 Nh7 34. d5 Rxd5 35.
e7 Nf6 36. e8=Q+ Nxe8 37. Rxe8+ Kf7 38. Re3 f4 39. Rh3 Rf5 40. Bd4 Kf8 41. Re2
Rd7 42. Re5 Rff7 43. Rc3 Rf6 44. Bf2 g6 45. Rc8+ Kf7 46. Ree8 gxh5 47. Bh4 Re6
48. Rf8+ Kg6 49. Rc2 f3 50. Rxf3 Kg7 51. Rg2+ Rg6 52. Bg3 Kh7 53. Re2 Rg4 54.
Kh3 Rg8 55. Re5 Rg5 56. Re4 Rg8 57. Ref4 Rgg7 58. Be1 Rg4 59. Rxg4 hxg4+ 60.
Kxg4 Kg6 61. Bc3 h5+ 62. Kh4 Rd6 63. Kg3 Rd7 64. Be5 Rf7 65. Rc3 Kf5 66. Bb8 Ke6
67. Rc4 Kd5 68. Rh4 Rh7 69. Kf3 Kc6 70. Ke4 a5 71. Be5 b5 72. Kf5 Rh6 73. Bf6
Rh7 74. Kg6 Rd7 75. Rxh5 Rd3 76. Be7 Rf3 77. Rh8 b4 78. axb4 axb4 79. Bxb4 Kd5
80. Re8 Rf4 81. Be7 Re4 82. Kf7 Rf4+ 83. Bf6 Re4 84. Rd8+ Kc4 85. Ra8 Kd5 86.
Ra5+ Kc4 87. Be5 Kb4 88. Rd5 Kc4 89. Ke6 Re3 90. Rd4+ Kb3 91. Kd5 Kc2 92. Ra4
Kd3 93. Bd4 Rf3 94. Ra3+ Ke2 95. Ra1 Kd3 96. Be5 Ke3 97. Re1+ Kd3 98. Re4 Re3
99. Ra4 Rf3 100. Bf4 Kc2 101. Ke4 Rd3 102. Be5 Kb3 103. Ra8 Rd1 104. Rb8+ Kc4
105. Rc8+ Kb3 106. Bd4 Re1+ 107. Kd5 Re2 108. Rb8+ Kc2 109. Kc4 Kd1 110. Rb1+
Kd2 111. Rb3 Kc2 112. Be3 Kd1 113. Rd3+ Kc2 114. Rc3+ Kb2 115. Kb4 Rc2 116. Rb3+
Ka2 117. Ra3+ Kb2 118. Bd4+ Kc1 119. Rd3 Kb1 120. Bc3 Kc1 121. Kb3 Re2 122. Bd4
Re1 123. Bf2 Rf1 124. Be3+ Kb1 125. Rd2 Re1 126. Bf4 Ka1 127. Rc2 Kb1 128. Rg2
Ka1 129. Rd2 Kb1 1/2-1/2

[Event "15th European Club Cup Women"]
[Site "Plovdiv BUL"]
[Date "2010.10.20"]
[Round "4"]
[White "Gaponenko, Inna"]
[Black "Harika, Dronavalli"]
[Result "0-1"]
[WhiteTitle "IM"]
[BlackTitle "IM"]
[WhiteElo "2469"]
[BlackElo "2515"]
[Board "3.2"]
[WhiteTeam "BAS Beograd"]
[BlackTeam "MIKA Yerevan"]
[WhiteFideId "14101181"]
[BlackFideId "5015197"]
[EventDate "2010.10.17"]
[EventType "team"]

1. e4 g6 2. d4 Bg7 3. Nc3 c6 4. f4 d5 5. e5 Qb6 6. Be2 Nh6 7. Nf3 Bg4 8. Na4 Qc7
9. Be3 f6 10. h3 Bxf3 11. Bxf3 Nd7 12. g4 Nf8 13. Qd2 Nf7 14. Nc5 b6 15. Nd3 g5
16. exf6 exf6 17. c4 dxc4 18. Nb4 O-O-O 19. Nxc6 Re8 20. O-O Ng6 21. Rac1 Nd6
22. fxg5 fxg5 23. Bxg5 Rhf8 24. Ne5 Bxe5 25. dxe5 Nxe5 26. Bg2 Nd3 27. Rxf8 Rxf8
28. Rf1 Qc5+ 29. Be3 Rxf1+ 30. Kxf1 Qe5 31. b3 Ne4 32. Bxe4 Qxe4 33. bxc4 Qf3+
34. Kg1 Qg3+ 35. Kf1 Ne5 36. Qd4 Qxh3+ 37. Ke2 Qg2+ 38. Bf2 Qxg4+ 39. Qxg4+ Nxg4
40. Bd4 Nh6 41. a4 Nf5 42. Bf2 Kb7 43. c5 bxc5 44. Bxc5 a6 45. Kf3 Kc6 46. Bf2
Nd6 47. Kg4 Ne4 48. Bh4 Nc5 49. Kh5 Nxa4 50. Kh6 Nc5 51. Be1 Kb5 52. Kxh7 Nd3
53. Bd2 Nb4 54. Kg6 a5 55. Kf5 a4 56. Bc1 Kc4 57. Ke4 Kb3 58. Ke3 Na2 59. Kd2
Nc3 60. Kd3 Nd1 0-1

[Event "15th European Club Cup Women"]
[Site "Plovdiv BUL"]
[Date "2010.10.20"]
[Round "4"]
[White "Mkrtchian, Lilit"]
[Black "Chelushkina, Irina"]
[Result "1-0"]
[WhiteTitle "IM"]
[BlackTitle "WGM"]
[WhiteElo "2484"]
[BlackElo "2325"]
[Board "3.3"]
[WhiteTeam "MIKA Yerevan"]
[BlackTeam "BAS Beograd"]
[WhiteFideId "13300601"]
[BlackFideId "928615"]
[EventDate "2010.10.17"]
[EventType "team"]

1. d4 f5 2. Nc3 Nf6 3. Bg5 d5 4. Bxf6 exf6 5. e3 c6 6. Bd3 Bb4 7. Qf3 g6 8. Ne2
Na6 9. h3 Bd6 10. a3 b5 11. a4 bxa4 12. Nxa4 Nb4 13. Nc1 f4 14. exf4 Qe7+ 15.
Kd1 Kf7 16. Re1 Qc7 17. c3 Nxd3 18. Nxd3 Bf5 19. Nac5 Rhe8 20. Kd2 a5 21. g4
Bxc5 22. gxf5 Bd6 23. fxg6+ hxg6 24. f5 Rh8 25. fxg6+ Kg7 26. Re6 Raf8 27. Qf5
Rh6 28. Rg1 a4 29. Nc5 Bxc5 30. dxc5 Rh4 31. Rd6 1-0

[Event "15th European Club Cup Women"]
[Site "Plovdiv BUL"]
[Date "2010.10.20"]
[Round "4"]
[White "Vasilevich, Tatjana"]
[Black "Galojan, Lilit"]
[Result "1/2-1/2"]
[WhiteTitle "IM"]
[BlackTitle "IM"]
[WhiteElo "2399"]
[BlackElo "2373"]
[Board "3.4"]
[WhiteTeam "BAS Beograd"]
[BlackTeam "MIKA Yerevan"]
[WhiteFideId "14101610"]
[BlackFideId "13301314"]
[EventDate "2010.10.17"]
[EventType "team"]

1. d4 Nf6 2. c4 e6 3. Nc3 Bb4 4. Qc2 O-O 5. a3 Bxc3+ 6. Qxc3 d5 7. e3 b6 8. cxd5
exd5 9. Nf3 Ne4 10. Qc2 Bf5 11. Bd3 Nd7 12. Qe2 c5 13. O-O c4 14. Bc2 b5 15. Ne1
Re8 16. f3 Nd6 17. Bd2 a5 18. Bxf5 Nxf5 19. Nc2 Qb6 20. Qf2 Qg6 21. Bc3 Nd6 22.
Rfd1 Nb8 23. Rab1 Nc6 24. b3 Reb8 25. bxc4 Nxc4 26. Qe2 f5 27. Qd3 Qe6 28. Re1
Nd6 29. Re2 Rb7 30. Be1 Re8 31. Bg3 Nc4 32. Rbe1 Qg6 33. Bf4 b4 34. axb4 axb4
35. Na1 N6a5 36. Rb1 1/2-1/2

[Event "15th European Club Cup Women"]
[Site "Plovdiv BUL"]
[Date "2010.10.20"]
[Round "4"]
[White "Zaiatz, Elena"]
[Black "Sharevich, Anna"]
[Result "1/2-1/2"]
[WhiteTitle "IM"]
[BlackTitle "WGM"]
[WhiteElo "2407"]
[BlackElo "2283"]
[Board "4.3"]
[WhiteTeam "Giprorechtrans"]
[BlackTeam "USV Volksbank Halle"]
[WhiteFideId "4139518"]
[BlackFideId "13503189"]
[EventDate "2010.10.17"]
[EventType "team"]

1. d4 d5 2. c4 e6 3. Nc3 Be7 4. cxd5 exd5 5. Bf4 c6 6. e3 Bd6 7. Bg3 Ne7 8. Bd3
Bf5 9. Nf3 Bxd3 10. Qxd3 Na6 11. a3 Nc7 12. e4 dxe4 13. Nxe4 Bxg3 14. hxg3 Qd5
15. g4 Ne6 16. g3 O-O-O 17. O-O-O Qa5 18. Rh5 Qb6 19. Nc3 h6 20. Re5 Rd6 21. Ne4
Rd5 22. Rxd5 cxd5 23. Nc3 Rd8 24. Kb1 Kb8 25. Rc1 Nc7 26. Ne5 f6 27. Nf3 Nc6 28.
b4 a5 29. Na4 Qb5 30. Qxb5 Nxb5 31. bxa5 Nxa3+ 32. Ka2 Nc4 33. a6 Nb4+ 34. Kb3
Nxa6 35. Re1 b5 36. Nc3 Na5+ 37. Kb2 b4 38. Na2 Nc6 39. Nc1 Kb7 40. Nb3 Kb6 41.
Nh4 Nc7 42. Nf5 Nb5 43. Re6 Nc7 44. Re1 Nb5 45. Re6 Nc7 1/2-1/2

[Event "15th European Club Cup Women"]
[Site "Plovdiv BUL"]
[Date "2010.10.20"]
[Round "4"]
[White "Straub, Natalia"]
[Black "Vasilevich, Irina"]
[Result "1-0"]
[WhiteTitle "WGM"]
[BlackTitle "IM"]
[WhiteElo "2224"]
[BlackElo "2324"]
[Board "4.4"]
[WhiteTeam "USV Volksbank Halle"]
[BlackTeam "Giprorechtrans"]
[WhiteFideId "14102757"]
[BlackFideId "4141296"]
[EventDate "2010.10.17"]
[EventType "team"]

1. d4 e6 2. c4 Bb4+ 3. Bd2 a5 4. g3 d6 5. Nf3 Nc6 6. Bg2 e5 7. O-O exd4 8. Bxb4
axb4 9. Nxd4 Nxd4 10. Qxd4 Nf6 11. Rd1 Qe7 12. Qd2 O-O 13. Qxb4 Qxe2 14. Nc3 Qh5
15. Qb5 Qh6 16. h4 Bg4 17. Rd4 Qg6 18. Qg5 Bd7 19. Qxg6 fxg6 20. Nb5 Bxb5 21.
cxb5 Ra7 22. b6 cxb6 23. Rxd6 Rc8 24. Rxb6 Rc7 25. Rd1 Kf7 26. a3 Nd7 27. Bd5+
Kf8 28. Rb4 Nf6 29. Bf3 Ke7 30. Kg2 h6 31. Rd3 Nd7 32. Rdb3 Nc5 33. Re3+ Kf8 34.
Rb6 Nd7 35. Rb4 Nc5 36. Rc3 Ke7 37. Rb5 Kd6 38. Rb6+ Ke5 39. b4 Na6 40. Re3+ Kf5
41. g4+ 1-0

[Event "15th European Club Cup Women"]
[Site "Plovdiv BUL"]
[Date "2010.10.20"]
[Round "4"]
[White "Fierro Baquero, Martha L."]
[Black "Nikolova, Adriana"]
[Result "1/2-1/2"]
[WhiteTitle "IM"]
[BlackTitle "WIM"]
[WhiteElo "2368"]
[BlackElo "2295"]
[Board "5.1"]
[WhiteTeam "CS Fischer Chieti"]
[BlackTeam "Lokomotiv 2000"]
[WhiteFideId "3600270"]
[BlackFideId "2908689"]
[EventDate "2010.10.17"]
[EventType "team"]

1. e4 c5 2. Nf3 Nc6 3. d4 cxd4 4. Nxd4 Nf6 5. Nc3 d6 6. Bg5 e6 7. Qd2 Be7 8.
O-O-O Nxd4 9. Qxd4 O-O 10. f3 a6 11. e5 dxe5 12. Qxe5 Nd7 13. Bxe7 Qxe7 14. Qc7
b5 15. Bd3 Qd8 16. Qxd8 Rxd8 17. Rd2 f5 18. Be2 Kf7 19. Rhd1 Ke7 20. a4 b4 21.
Na2 a5 22. Bb5 Ra7 23. Kb1 Rf8 24. Nc1 Nf6 25. Nb3 Ba6 26. Nd4 Bxb5 27. axb5 Kf7
28. Nc6 Rc7 29. Nd8+ Ke7 30. b6 Rc5 31. b7 Rb5 32. Nc6+ Kf7 33. b8=Q Rfxb8 34.
Nxb8 Rxb8 35. Rd8 Rb5 36. Ra8 Nd5 37. g3 g5 38. Ra7+ Kg6 39. Re1 e5 40. Ra6+ Kf7
41. Kc1 Nc7 42. Rh6 Ne6 43. Rxh7+ Kg6 44. Rd7 Rc5 45. Re3 a4 46. Rb7 f4 47. gxf4
gxf4 48. Rd3 Nd4 49. Rxd4 exd4 50. Rxb4 d3 51. c3 a3 52. Rxf4 Re5 53. bxa3 Re2
54. Rd4 Rc2+ 55. Kd1 Rxc3 56. a4 Kf5 57. Kd2 Ra3 58. h4 Ke5 59. Re4+ Kf5 60. h5
Kg5 61. Ke3 Kxh5 62. Rg4 Kh6 63. Rd4 Kg6 64. f4 Kf6 65. Kf3 d2+ 66. Ke2 Ra2 67.
Ke3 Rxa4 68. Rxd2 Ra3+ 69. Ke4 Ra4+ 70. Kf3 Ra1 71. Rd6+ Kf5 72. Rd5+ Kf6 73.
Rd6+ Kf5 1/2-1/2

[Event "15th European Club Cup Women"]
[Site "Plovdiv BUL"]
[Date "2010.10.20"]
[Round "4"]
[White "Videnova, Iva"]
[Black "Zimina, Olga"]
[Result "1/2-1/2"]
[WhiteTitle "WIM"]
[BlackTitle "IM"]
[WhiteElo "2283"]
[BlackElo "2334"]
[Board "5.2"]
[WhiteTeam "Lokomotiv 2000"]
[BlackTeam "CS Fischer Chieti"]
[WhiteFideId "2907763"]
[BlackFideId "4132190"]
[EventDate "2010.10.17"]
[EventType "team"]

1. e4 e5 2. Nf3 Nc6 3. Bb5 a6 4. Ba4 Nf6 5. O-O b5 6. Bb3 Bc5 7. c3 d6 8. a4 Rb8
9. d4 Bb6 10. Na3 O-O 11. axb5 axb5 12. Nxb5 Bg4 13. d5 Ne7 14. Bc2 Qe8 15. c4
Nxe4 16. Bxe4 f5 17. Bd3 e4 18. Be2 exf3 19. Bxf3 Ng6 20. h3 Bxf3 21. Qxf3 Ne5
22. Qf4 Nd3 23. Qd2 Ne5 24. Qf4 h6 25. h4 Ng6 26. Qg3 f4 27. Qh3 Qe2 28. Qe6+
Qxe6 29. dxe6 Nxh4 30. Bd2 Rbe8 31. Rfe1 Rf6 32. Ba5 Bxa5 33. Rxa5 Rfxe6 34.
Rxe6 Rxe6 35. Nxc7 Re1+ 36. Kh2 Re2 37. b4 Rxf2 38. Kh3 Ng6 39. b5 Rb2 40. Nd5
Rb3+ 41. Kg4 Ne5+ 42. Kxf4 Nxc4 43. Ra8+ Kh7 44. Rb8 Kg6 45. Ke4 Rb2 46. Rb7 h5
47. Nf4+ Kh6 48. Kd5 Ne3+ 49. Kxd6 Nxg2 50. Nxh5 Kxh5 51. Rxg7 Ne3 52. Kc6 Nf5
53. Rd7 Ne3 54. b6 1/2-1/2

[Event "15th European Club Cup Women"]
[Site "Plovdiv BUL"]
[Date "2010.10.20"]
[Round "4"]
[White "De Rosa, Mariagrazia"]
[Black "Sirkova, Darena"]
[Result "0-1"]
[WhiteTitle "WFM"]
[WhiteElo "2073"]
[BlackElo "2094"]
[Board "5.3"]
[WhiteTeam "CS Fischer Chieti"]
[BlackTeam "Lokomotiv 2000"]
[WhiteFideId "815136"]
[BlackFideId "2910560"]
[EventDate "2010.10.17"]
[EventType "team"]

1. e4 c5 2. Nf3 Nc6 3. d4 cxd4 4. Nxd4 Qc7 5. Nc3 e6 6. Be2 a6 7. O-O Nf6 8. Be3
b5 9. a3 Bb7 10. f4 Bc5 11. Qd3 b4 12. e5 Nxd4 13. Bxd4 bxc3 14. exf6 cxb2 15.
fxg7 Rg8 16. Rad1 Rxg7 17. Bf3 Bxf3 18. Rxf3 Bxd4+ 19. Qxd4 Rb8 20. Rb3 Rxg2+
21. Kxg2 Qxc2+ 22. Kh1 Qc6+ 23. Kg1 Rxb3 24. Qh8+ Ke7 25. Qxh7 Qc5+ 26. Kh1 Qd5+ 0-1

[Event "15th European Club Cup Women"]
[Site "Plovdiv BUL"]
[Date "2010.10.20"]
[Round "4"]
[White "Janeva, Mariya"]
[Black "Di Primio, Eugenia"]
[Result "1/2-1/2"]
[WhiteElo "2042"]
[BlackElo "1984"]
[Board "5.4"]
[WhiteTeam "Lokomotiv 2000"]
[BlackTeam "CS Fischer Chieti"]
[WhiteFideId "2906554"]
[BlackFideId "821942"]
[EventDate "2010.10.17"]
[EventType "team"]

1. e4 e5 2. Nf3 Nc6 3. Bb5 a6 4. Ba4 Nf6 5. O-O b5 6. Bb3 Be7 7. Re1 d6 8. c3
O-O 9. h3 Na5 10. Bc2 c5 11. d4 Qc7 12. Nbd2 Re8 13. Nf1 g6 14. Bg5 Nc4 15. Qc1
Nh5 16. Bxe7 Qxe7 17. b3 Nb6 18. a4 Bb7 19. a5 Nd7 20. Ne3 Ndf6 21. Ng4 Nxg4 22.
hxg4 Nf6 23. g5 Nh5 24. b4 c4 25. Qe3 f6 26. Rad1 fxg5 27. Qxg5 Qxg5 28. Nxg5
Rad8 29. Nf3 exd4 30. Nxd4 Nf4 31. f3 Kf7 32. Kf2 Kf6 33. Kg3 Ne6 34. Nxe6 Rxe6
35. Rh1 h5 36. Rd2 Ree8 37. Rhd1 Ke7 38. f4 Rf8 39. e5 dxe5 40. Rxd8 exf4+ 41.
Kh3 Rxd8 42. Rxd8 Kxd8 43. Bxg6 f3 44. gxf3 Bxf3 45. Kg3 Bg4 46. Be4 Kc7 47. Kh4
Be2 48. Kg5 Bg4 49. Kh4 Bd1 50. Kg5 Be2 51. Kh4 Kb8 52. Kg5 Ka7 53. Kh4 Kb8 54.
Kg5 Kc7 55. Kh4 Bg4 56. Kg5 Be2 57. Kh4 Bg4 58. Kg5 Be2 59. Kh4 Bg4 1/2-1/2

[Event "15th European Club Cup Women"]
[Site "Plovdiv BUL"]
[Date "2010.10.20"]
[Round "4"]
[White "Borsuk, Angela"]
[Black "Botvinnik, Irina"]
[Result "1/2-1/2"]
[WhiteTitle "IM"]
[BlackTitle "WFM"]
[WhiteElo "2270"]
[BlackElo "2216"]
[Board "6.1"]
[WhiteTeam "Ashdod Elite CC"]
[BlackTeam "Herzliya Chess Club"]
[WhiteFideId "2806452"]
[BlackFideId "2806088"]
[EventDate "2010.10.17"]
[EventType "team"]

1. Nf3 Nf6 2. g3 d5 3. Bg2 e6 4. O-O c5 5. d3 Be7 6. Nbd2 O-O 7. e4 Nc6 8. c3
dxe4 9. dxe4 Qc7 10. Qc2 b6 11. Re1 Bb7 12. Nf1 Rfd8 13. h3 Rd7 14. Be3 Rad8 15.
a4 Na5 1/2-1/2

[Event "15th European Club Cup Women"]
[Site "Plovdiv BUL"]
[Date "2010.10.20"]
[Round "4"]
[White "Len, Irina"]
[Black "Vasiliev, Olga"]
[Result "1-0"]
[BlackTitle "WIM"]
[WhiteElo "2065"]
[BlackElo "2293"]
[Board "6.2"]
[WhiteTeam "Herzliya Chess Club"]
[BlackTeam "Ashdod Elite CC"]
[WhiteFideId "2805715"]
[BlackFideId "2807602"]
[EventDate "2010.10.17"]
[EventType "team"]

1. d4 Nf6 2. Nf3 g6 3. c4 Bg7 4. Nc3 O-O 5. e4 d6 6. h3 Nbd7 7. Bg5 c5 8. d5 Ne8
9. Qd2 f5 10. exf5 Rxf5 11. Bd3 Rxf3 12. gxf3 Ne5 13. Be2 Nf6 14. Ne4 Bf5 15.
Ng3 Bd3 16. Bxf6 exf6 17. f4 Bxe2 18. Qxe2 Nf7 19. f5 Qd7 20. O-O-O Re8 21. Qc2
Ne5 22. Kb1 b5 23. fxg6 hxg6 24. f4 Nxc4 25. Qxg6 Qf7 26. Qxf7+ Kxf7 27. Rhe1
Bh6 28. Rxe8 Kxe8 29. b3 Nb6 30. Ne4 Bxf4 31. Nxf6+ Kf7 32. Ng4 Kg6 33. Kc2 1-0

[Event "15th European Club Cup Women"]
[Site "Plovdiv BUL"]
[Date "2010.10.20"]
[Round "4"]
[White "Tsifanskaya, Ludmila A"]
[Black "Yakovleva, Tatiana"]
[Result "1/2-1/2"]
[WhiteTitle "WIM"]
[WhiteElo "2143"]
[BlackElo "2124"]
[Board "6.3"]
[WhiteTeam "Ashdod Elite CC"]
[BlackTeam "Herzliya Chess Club"]
[WhiteFideId "2802368"]
[BlackFideId "2802449"]
[EventDate "2010.10.17"]
[EventType "team"]

1. e4 c6 2. d4 d5 3. e5 e6 4. Nf3 Nd7 5. Bd3 c5 6. c3 Ne7 7. O-O Nc6 8. a3 Be7
9. b4 b6 10. Be3 O-O 11. Nbd2 Bb7 12. Ne1 f6 13. f4 fxe5 14. fxe5 cxd4 15. cxd4
Bg5 16. Rxf8+ Nxf8 17. Bf2 Rc8 18. Nef3 Be7 19. Nb3 Qe8 20. Rc1 a6 21. Qe2 Nb8
22. Rxc8 Qxc8 23. Qc2 Qxc2 24. Bxc2 Bc6 25. Bd3 1/2-1/2

[Event "15th European Club Cup Women"]
[Site "Plovdiv BUL"]
[Date "2010.10.20"]
[Round "4"]
[White "Lian, Marina"]
[Black "Dotan, Valeria"]
[Result "1/2-1/2"]
[BlackTitle "WFM"]
[WhiteElo "1865"]
[BlackElo "2104"]
[Board "6.4"]
[WhiteTeam "Herzliya Chess Club"]
[BlackTeam "Ashdod Elite CC"]
[WhiteFideId "2809680"]
[BlackFideId "2803607"]
[EventDate "2010.10.17"]
[EventType "team"]

1. e4 c5 2. Nc3 d6 3. f4 e6 4. Nf3 a6 5. g3 Nc6 6. Bg2 Qc7 7. O-O Nf6 8. d3 Be7
9. a4 Rb8 10. h3 b5 11. axb5 axb5 12. g4 b4 13. Ne2 O-O 14. Ng3 Rd8 15. g5 Ne8
16. Qe1 Nd4 17. Qf2 b3 18. Nxd4 cxd4 19. cxb3 Rxb3 20. Qxd4 d5 21. Be3 dxe4 22.
Qa7 Rb7 23. Qa4 Rb4 24. Qa7 Rb7 25. Qa4 Rb4 26. Qa7 Rb7 1/2-1/2

[Event "15th European Club Cup Women"]
[Site "Plovdiv BUL"]
[Date "2010.10.20"]
[Round "4"]
[White "Borosova, Zuzana"]
[Black "Khachatourian, Yerazik"]
[Result "1-0"]
[WhiteTitle "WIM"]
[WhiteElo "2277"]
[BlackElo "2025"]
[Board "7.1"]
[WhiteTeam "KSC Komarno"]
[BlackTeam "Oslo Schakselkap"]
[WhiteFideId "14905779"]
[BlackFideId "12501948"]
[EventDate "2010.10.17"]
[EventType "team"]

1. e4 e5 2. Bc4 Nf6 3. d3 Nc6 4. Nf3 Bc5 5. c3 d6 6. O-O a6 7. Bb3 Ba7 8. Nbd2
O-O 9. Nc4 b5 10. Ne3 Ne7 11. h3 Ng6 12. Nd5 h6 13. Be3 c6 14. Nxf6+ Qxf6 15. a4
Qe7 16. Re1 Be6 17. Bc2 Bxe3 18. fxe3 f5 19. exf5 Bxf5 20. d4 e4 21. Nd2 d5 22.
Qh5 Qh4 23. Qxh4 Nxh4 24. Rf1 Bd7 25. axb5 axb5 26. Rxf8+ Rxf8 27. Ra7 Be8 28.
Bd1 Nf5 29. Nf1 Nd6 30. Be2 Rf7 31. Ra8 g6 32. Bg4 Kg7 33. Rd8 Rf6 34. Nd2 h5
35. Be2 Kf7 36. Ra8 Bd7 37. Ra7 Ke8 38. b4 Kd8 39. Ra1 Nc8 40. Nb3 Kc7 41. Nc5
Rf7 42. Ra8 Nd6 43. Rg8 Nf5 44. Rxg6 h4 45. Nxd7 Ng3 46. Rxg3 hxg3 47. Ne5 Rf2
48. Bf1 Rc2 49. h4 Rxc3 50. h5 Rxe3 51. h6 Re1 52. h7 e3 53. Nd3 Ra1 54. h8=Q e2
55. Qe5+ 1-0

[Event "15th European Club Cup Women"]
[Site "Plovdiv BUL"]
[Date "2010.10.20"]
[Round "4"]
[White "Johnsen, Sylvia"]
[Black "Edes, Zsofia"]
[Result "1-0"]
[WhiteTitle "WFM"]
[WhiteElo "2030"]
[BlackElo "2065"]
[Board "7.2"]
[WhiteTeam "Oslo Schakselkap"]
[BlackTeam "KSC Komarno"]
[WhiteFideId "1500988"]
[BlackFideId "14912368"]
[EventDate "2010.10.17"]
[EventType "team"]

1. c4 e6 2. Nc3 d5 3. d4 Nf6 4. Nf3 Nbd7 5. Bg5 c6 6. e3 Qa5 7. Qb3 Ne4 8. Bh4
Bb4 9. Rc1 Nb6 10. Nd2 Nxd2 11. Kxd2 c5 12. a3 Bxc3+ 13. Qxc3 Qxc3+ 14. Rxc3
cxd4 15. exd4 dxc4 16. Bxc4 Bd7 17. Rhc1 Bc6 18. f3 O-O 19. b4 Bd5 20. Bd3 a6
21. Rc7 Rac8 22. Rxc8 Rxc8 23. Rxc8+ Nxc8 24. a4 Nb6 25. a5 Nc4+ 26. Ke2 f6 27.
g4 h6 28. Bg3 Kf7 29. h4 Ke7 30. f4 Nd6 31. Ke3 f5 32. g5 h5 33. Be1 Be4 34. Bc3
Bxd3 35. Kxd3 g6 36. Be1 Nb5 37. Kc4 Kd6 38. Bf2 Kc6 39. Be3 Nd6+ 40. Kd3 Kd5
41. Bd2 Kc6 42. Be3 Nc8 43. Kc4 Ne7 44. Bc1 Nd5 45. Bd2 b6 46. axb6 Nxb6+ 47.
Kd3 Kb5 48. Kc3 Ka4 49. d5 exd5 50. Kd4 Kb5 51. Be1 Kc6 52. Ke5 Nd7+ 53. Ke6 d4
54. Kf7 Kd6 55. Kxg6 Ke6 56. Kxh5 Nf8 57. Kh6 Kf7 58. h5 Ne6 59. Bd2 Ng7 60. Bc1
d3 61. Bd2 Ne6 62. Kh7 Kf8 63. g6 Ng7 64. h6 Ne8 65. g7+ Ke7 66. Kg6 Nf6 67. h7 1-0

[Event "15th European Club Cup Women"]
[Site "Plovdiv BUL"]
[Date "2010.10.20"]
[Round "4"]
[White "Kral, Klaudia"]
[Black "Reppen, Ellisiv"]
[Result "0-1"]
[WhiteElo "1806"]
[BlackElo "1954"]
[Board "7.3"]
[WhiteTeam "KSC Komarno"]
[BlackTeam "Oslo Schakselkap"]
[WhiteFideId "14900084"]
[BlackFideId "1504959"]
[EventDate "2010.10.17"]
[EventType "team"]

1. e4 e5 2. Nf3 Nc6 3. Bb5 a6 4. Ba4 Nf6 5. O-O Be7 6. Re1 b5 7. Bb3 d6 8. c3
O-O 9. h3 Na5 10. Bc2 c5 11. d4 Qc7 12. Nbd2 cxd4 13. cxd4 Bd7 14. Nf1 Rac8 15.
Bd3 Nc6 16. Be3 Nb4 17. Rc1 Qb8 18. Bb1 Rxc1 19. Qxc1 Rc8 20. Qd2 Nc6 21. d5 Nd8
22. Qa5 Qa8 23. Rc1 Rxc1 24. Bxc1 Nb7 25. Qc3 a5 26. Be3 b4 27. Qc1 Bd8 28. N3d2
Bb5 29. Nh2 Nd7 30. f4 exf4 31. Bxf4 Qa7+ 32. Kh1 Qf2 33. Nhf3 Ndc5 34. Qg1
Qxg1+ 35. Kxg1 Bb6 36. Be3 Bd8 37. Nd4 Ba6 38. Nc6 Bf6 39. b3 Bc3 40. Kf2 Kf8
41. Nf3 f6 42. Bxc5 dxc5 43. e5 fxe5 44. Nfxe5 g6 45. g3 Bxe5 46. Nxe5 Ke7 47.
Bd3 Bxd3 48. Nxd3 Kd6 49. Nf4 Ke5 50. Ke3 g5 51. Ne6 h6 52. h4 gxh4 53. gxh4
Kxd5 54. Ng7 Ke5 55. Kf3 Nd6 56. Kg4 a4 57. Kh5 axb3 58. axb3 c4 59. bxc4 Nxc4
60. Kxh6 b3 61. Kh7 b2 62. h5 b1=Q+ 63. Kg8 Qb8+ 64. Kh7 Kf6 65. h6 Kf7 66. Ne8
Kxe8 67. Kg7 Qg3+ 0-1

[Event "15th European Club Cup Women"]
[Site "Plovdiv BUL"]
[Date "2010.10.20"]
[Round "4"]
[White "Almer, Julia"]
[Black "Kralova, Katarina"]
[Result "1/2-1/2"]
[WhiteElo "1908"]
[BlackElo "1861"]
[Board "7.4"]
[WhiteTeam "Oslo Schakselkap"]
[BlackTeam "KSC Komarno"]
[WhiteFideId "1708848"]
[BlackFideId "14927330"]
[EventDate "2010.10.17"]
[EventType "team"]

1. e4 c5 2. Nf3 d6 3. d4 cxd4 4. Nxd4 Nf6 5. Nc3 a6 6. Be2 e6 7. O-O Be7 8. a4
Nc6 9. Be3 Bd7 10. Nb3 O-O 11. f4 Nb4 12. a5 Bc6 13. Bf3 Rc8 14. Nd4 d5 15. Nxc6
Rxc6 16. exd5 Nfxd5 17. Nxd5 Nxd5 18. Bb6 Bc5+ 1/2-1/2